| 000 | 00656cas a22002055 4500 | ||
|---|---|---|---|
| 001 | E151032 | ||
| 008 | 100924c2010 xxkmr p 0 a0eng u | ||
| 035 | _a(Sirsi) u151032 | ||
| 041 | 0 | _aeng | |
| 110 | 2 |
_aRoyal Institution of Chartered Surveyors _94900 |
|
| 245 | 0 | 0 | _aModus |
| 260 |
_aLondon _bSunday _c2010- |
||
| 362 | 0 | _aLondon: September/October 2010- | |
| 362 | 0 | _aEdinburgh: September/October 2010- | |
| 651 | 4 | _aInternational | |
| 690 | _aMANAGEMENT-BUSINESS MANAGEMENT-PROFESSIONAL PRACTICE | ||
| 780 | 0 | 0 |
_tRICS Business _x0964-3311 |
| 856 | 4 | 0 |
_uhttps://ww3.rics.org/uk/en/modus.html _zView the magazine at www.rics.org |
| 942 |
_n0 _2ddc |
||
| 999 |
_c119286 _d119286 |
||